000 00402nam a22001697a 4500
003 OSt
005 20211019094834.0
008 211019b |||||||| |||| 00| 0 eng d
020 _a0-8016-7972-9
040 _aDDC
_cHU
082 _21ST
_a612
_b4
100 _aSANDRA S. GOTTFRIED
_914101
245 _aHUMAN BIOLOGY
250 _a1ST
260 _aST.LOUIS
_bMOSBY BOOK
_c1994
942 _2ddc
_cBOOKS
_n0
999 _c13167
_d13167